Red's Pokemon - Statistics

General Stats
  • This quiz has been taken 18 times
  • The average score is 9 of 19
Answer Stats
He uses it in Answer % Correct
Johto Charizard
100%
Johto Blastoise
92%
Johto PIkachu
92%
Johto Venusaur
92%
Johto Lapras
83%
Johto Snorlax
83%
Johto Espeon
75%
Stadium 2 Dragonite
50%
Stadium Jolteon
50%
Kanto Machamp
42%
Kanto Arcanine
33%
Stadium Scizor
25%
Stadium Tauros
25%
Stadium 2 Entei
17%
Stadium Feraligatr
17%
Stadium Meganium
17%
Stadium 2 Raikou
17%
Stadium 2 Suicune
17%
Stadium Typhlosion
17%
No matching quizzes found
Score Distribution
Percent of People with Each Score
Percentile by Number Answered
Your Score History
You have not taken this quiz